World of Rome (Record no. 124135)

MARC details
000 -LEADER
fixed length control field 00754nam a2200265Ia 4500
003 - CONTROL NUMBER IDENTIFIER
control field OSt
005 - DATE AND TIME OF LATEST TRANSACTION
control field 20220918164314.0
008 - FIXED-LENGTH DATA ELEMENTS--GENERAL INFORMATION
fixed length control field 220917b |||||||| |||| 00| 0 eng d
020 ## - INTERNATIONAL STANDARD BOOK NUMBER
International Standard Book Number 0521386004 (pbk)
037 ## - SOURCE OF ACQUISITION
Terms of availability Textual
040 ## - CATALOGING SOURCE
Original cataloging agency ARTS
Transcribing agency ARTS
Language of cataloging eng
041 ## - LANGUAGE CODE
Source of code eng
Language code of text/sound track or separate title eng
100 ## - MAIN ENTRY--PERSONAL NAME
Personal name Jones Peter ed
9 (RLIN) 18202
245 #0 - TITLE STATEMENT
Title World of Rome
Remainder of title an introduction to Roman culture
260 ## - PUBLICATION, DISTRIBUTION, ETC.
Place of publication, distribution, etc. Cambridge
Name of publisher, distributor, etc. CUP
Date of publication, distribution, etc. 1997
300 ## - PHYSICAL DESCRIPTION
Extent xvii,399p.
Dimensions cm.
650 ## - SUBJECT ADDED ENTRY--TOPICAL TERM
Topical term or geographic name entry element ROME - CIVILIZATION; SOCIOLOGY
9 (RLIN) 18203
700 ## - ADDED ENTRY--PERSONAL NAME
Personal name Sidwell Keith ed
9 (RLIN) 18204
942 ## - ADDED ENTRY ELEMENTS (KOHA)
Classification part Y:1.52, N7
Koha item type Textual
Source of classification or shelving scheme Colon Classification (CC)
Holdings
Withdrawn status Lost status Damaged status Not for loan Home library Current library Date acquired Total Checkouts Full call number Barcode Date last seen Price effective from Koha item type
        Arts Library Arts Library 2022-09-18   Y:1.52 N7 AL1132777 2022-09-18 2022-09-18 Textual
Copyright @ Delhi University Library System